Science for Kids (Record no. 2363)

MARC details
000 -LEADER
fixed length control field 00230nam a22000857a 4500
008 - FIXED-LENGTH DATA ELEMENTS--GENERAL INFORMATION
fixed length control field 160713b xxu||||| |||| 00| 0 eng d
100 ## - MAIN ENTRY--PERSONAL NAME
9 (RLIN) 2722
Personal name Edicones P.S.A
245 ## - TITLE STATEMENT
Title Science for Kids
260 ## - PUBLICATION, DISTRIBUTION, ETC. (IMPRINT)
Place of publication, distribution, etc. New Delhi
Name of publisher, distributor, etc. Sterling Publication
Date of publication, distribution, etc. 2009
Holdings
Withdrawn status Lost status Source of classification or shelving scheme Damaged status Not for loan Home library Current library Shelving location Date acquired Total Checkouts Full call number Barcode Date last seen Date last checked out Price effective from Koha item type
    Dewey Decimal Classification     Good Samaritan School Library Good Samaritan School Library   07/13/2016 5 500 EDI11903 02/17/2020 02/05/2020 07/13/2016 BOOK

Powered by Koha